walt disney characters - Statistics

General Stats
  • This quiz has been taken 393 times
  • The average score is 13 of 15
Answer Stats
Hint Answer % Correct
boy mouse mickey
97%
he is a duck and mickeys frend donald
96%
she has seven dwarfs snow white
95%
he is mickey dog pluto
94%
has big ears dumbo
93%
he hates captain hook peter pan
92%
she has a fairy godmother cinderella
91%
he is andy's toy woody
91%
he is a dear bambi
89%
she can fly and she is small tinkerbell
89%
she is a princess and she likes to sleep a lot sleeping beauty
87%
she has really long hair rapunzel
86%
he swings on ropes tarzan
82%
he loves honey pooh
80%
she is poohs friend piglet
78%
No matching quizzes found
Score Distribution
Percent of People with Each Score
Percentile by Number Answered
Your Score History
You have not taken this quiz